000 00603nam a2200229Ia 4500
003 OSt
005 20221007080622.0
006 a|||||r|||| 00| 0
007 ta
008 221006b |||||||| |||| 00| 0 eng d
024 _a30,193
037 _cTextual
040 _aFLL
_cFLL
_beng
041 _2eng
_aeng
082 _aZ1, K0
100 _aMcDougal Myres S.
_9120067
245 0 _aStudies in world public order
260 _aNew Haven
_bYale University Press New
_c1960
300 _axx,1058p
_ccm.
942 _hZ1, K0
_cTEXL
_2CC
999 _c1160305
_d1160305